Loading...
| 4 | 1 | 0 | 0 | 70 | 12 | 58.60 | 3 | 5 | 0.00 | 0.00 | |
| Beliefs | 3 | 1 | 0 | 0 | 55 | 27 | 67.25 | 2 | 4 | 0.00 | 0.00 |
| Other Science: Earth Science | 0 | 3 | 0 | 1 | 30 | 79 | 106.33 | 0 | 3 | 0.00 | 0.00 |
| Literature - British | 0 | 3 | 0 | 0 | 30 | 82 | 92.00 | 1 | 3 | 0.00 | 0.00 |
| History - World | 1 | 1 | 0 | 0 | 25 | 52 | 80.50 | 1 | 2 | 0.00 | 0.00 |
| Fine Arts - Auditory | 1 | 1 | 0 | 1 | 25 | 51 | 102.50 | 1 | 1 | 0.00 | 0.00 |
| History - European | 1 | 1 | 0 | 0 | 25 | 19 | 50.00 | 1 | 2 | 0.00 | 0.00 |
| Science - Biology | 1 | 1 | 0 | 0 | 25 | 44 | 63.00 | 0 | 2 | 0.00 | 0.00 |
| Science - Chemistry | 1 | 1 | 1 | 0 | 20 | 45 | 72.50 | 1 | 2 | 0.00 | 0.00 |
| Literature - European | 0 | 2 | 0 | 1 | 20 | 106 | 106.00 | 0 | 0 | 0.00 | 0.00 |
| Social Science | 0 | 2 | 0 | 1 | 20 | 94 | 117.50 | 0 | 1 | 0.00 | 0.00 |
| Literature - American | 1 | 0 | 0 | 0 | 15 | 73 | 73.00 | 1 | 1 | 0.00 | 0.00 |
| Other Arts: Auditory | 0 | 1 | 0 | 1 | 10 | 138 | 138.00 | 0 | 0 | 0.00 | 0.00 |
| Current Events | 0 | 1 | 0 | 1 | 10 | 146 | 146.00 | 0 | 1 | 0.00 | 0.00 |
| Philosophy | 0 | 1 | 0 | 0 | 10 | 74 | 74.00 | 0 | 1 | 0.00 | 0.00 |
| History - American | 0 | 1 | 0 | 0 | 10 | 110 | 110.00 | 0 | 1 | 0.00 | 0.00 |
| World and Other Literature | 0 | 1 | 0 | 0 | 10 | 118 | 118.00 | 1 | 1 | 0.00 | 0.00 |
| Other Science: Math | 0 | 0 | 0 | 0 | 0 | 0.00 | 0 | 0 | 0.00 | 0.00 | |
| Science - Physics | 0 | 0 | 1 | 0 | -5 | 0.00 | 0 | 0 | 0.00 | 0.00 |